UITU Library & LRC     

A Dictionary of Urdu (on Historical Principles ) Waw to Hazarha (Record no. 9556)

MARC details
000 -LEADER
fixed length control field 00496nam a2200181Ia 4500
008 - FIXED-LENGTH DATA ELEMENTS--GENERAL INFORMATION
fixed length control field 240925s9999 xx 000 0 und d
020 ## - INTERNATIONAL STANDARD BOOK NUMBER
International Standard Book Number NA
082 ## - DEWEY DECIMAL CLASSIFICATION NUMBER
Classification number 491.4397ALT
100 ## - MAIN ENTRY--PERSONAL NAME
Personal name Urdu Dic Board
245 #2 - TITLE STATEMENT
Title A Dictionary of Urdu (on Historical Principles ) Waw to Hazarha
250 ## - EDITION STATEMENT
Edition statement NA
260 ## - PUBLICATION, DISTRIBUTION, ETC.
Place of publication, distribution, etc. Karachi:
Name of publisher, distributor, etc. Urdu Dictionary Board
Date of publication, distribution, etc. ,2007.
300 ## - PHYSICAL DESCRIPTION
Extent xxii,340p.
Other physical details NA
Type of unit Original
500 ## - GENERAL NOTE
General note NA
600 ## - SUBJECT ADDED ENTRY--PERSONAL NAME
Personal name Humanities & Natural Science
650 ## - SUBJECT ADDED ENTRY--TOPICAL TERM
Topical term or geographic name entry element Other languages
942 ## - ADDED ENTRY ELEMENTS (KOHA)
Koha item type Books
Holdings
Withdrawn status Lost status Damaged status Not for loan Collection Home library Current library Date acquired Source of acquisition Cost, normal purchase price Total checkouts Full call number Barcode Date last seen Price effective from Koha item type
        Humanities & Basic Sciences UITU Library UITU Library 05/09/2007 UDB 90.00   491.4397ALT Q7057 09/25/2024 09/25/2024 Books

Powered by Koha